1897 1954 1375 1532 1754 1149 1191 1347 1333 1876 1718 1988 1737 1427 1790 1535 1116 1919 1330 1295 1851 1841 1869 1044 1805 1104 1118 1963 1928 1207 1976 1404 1231 1583 1774 1645 1323 1666 1673 1393 1632 2000 1589 1605 1352 1233 1554 1419 1961 1345 1880 1358 1475 1394 1736 1626 1284 1116 1587 1389 1533 1267 1260 1871 1688 1955 1206 1772 1337 1831 1953 1440 1081 1110 1278 1608 1122 1898 1561 1603 1985 1818 1871 1874 1755 1281 1160 1945 1277 1912 1554 1367 1395 1058 1032 1206 1219 1209 1613 BCNSPRNW ULIB Ver.6.0+V

เปลี่ยนเป็นภาษาไทย

Change to English
 แสดงรายละเอียดบรรณานุกรม
  กลับหน้าหลัก

Brief Record : Get Marc (ISO 2709) : E-mail record : QR code < ปิดหน้าต่าง
LEADER : 00000nam 2200000uu 4500
001    13399124501
003     ULIB
008    020711s2556 th a 000 0 tha d
020    9789749804902
090    นว.^bล158จ ล.พิเศษ
100    ล่อร่า อิงกัลล์ส์ ไวล์เดอร์;^eผู้แต่ง
245    จดหมายจากลอร่า/^cล่อร่า อิงกัลล์ส์ ไวล์เดอร์
250    พิมพ์ครั้งที่ 7
260    กรุงเทพฯ :^bแพรวเยาวชน,^c2556
300    163 หน้า;^b18.5 ซม.
500    หนังสือชุด บ้านเล็ก เล่มพิเศษ
700    ปัณณพร;^eแปล
945    ^p130^l0^i039782
999    ^aทศพร
รายการนี้ยังไม่มีแท็ก
คุณยังไม่ได้ล็อกอิน คุณสามารถมีกิจกรรมร่วมกับเว็บไซต์ได้ แต่ต้องล็อกอินก่อน ::
  ล็อกอิน

รายการสื่อสารสนเทศ

ลำดับที่ ประเภท เลขเรียก/บาร์โค้ด สถานที่ สถานะ
1. นวนิยาย
นวนิยาย
นว. ล158จ ล.พิเศษ ฉ.1 
  Barcode: 039782
ห้องสมุดวิทยาเขตสวรรค์ประชารักษ์
►นวนิยาย
ถูกยืม กำหนดส่งวันที่ 6 มีนาคม 2567
  จอง
Note:หนังสือชุด บ้านเล็ก เล่มพิเศษ

BibComment


ยังไม่เคยถูกคอมเมนท์

คอมเมนท์ทรัพยากรรายการนี้
  คอมเมนท์: จดหมายจากลอร่า ล่..


 Copyright 2026. Bcnsprnw @Library